Guia bibliografica de los fondos recientes de la Biblioteca Nacional y de la Biblioteca de la Facultad de Geografia e Historia de la Universidad Complutense de Madrid, acerca de la Revolucion francesa de 1789 y sus repercusiones / (Record no. 7595)
[ view plain ]
| 000 -LEADER | |
|---|---|
| campo de control de longitud fija | 01035nam a2200229 i 4500 |
| 001 - NÚMERO DE CONTROL | |
| campo de control | 7595 |
| 003 - IDENTIFICADOR DE NÚMERO DE CONTROL | |
| campo de control | ES-MaACL |
| 005 - FECHA Y HORA DE LA ÚLTIMA TRANSACCIÓN | |
| campo de control | 20230906145254.0 |
| 007 - CAMPO FIJO DE DESCRIPCIÓN FÍSICA--INFORMACIÓN GENERAL | |
| campo de control de longitud fija | t| |
| 008 - DATOS DE LONGITUD FIJA--INFORMACIÓN GENERAL | |
| campo de control de longitud fija | 910306s1990 sp ||||1| spa d |
| 020 ## - NÚMERO INTERNACIONAL ESTÁNDAR DEL LIBRO | |
| Número Internacional Estándar del Libro | 84-404-8240-X |
| 080 ## - NÚMERO DE LA CLASIFICACIÓN DECIMAL UNIVERSAL | |
| Número de la Clasificación Decimal Universal | 9(44)"1789/1799":016 |
| 080 ## - NÚMERO DE LA CLASIFICACIÓN DECIMAL UNIVERSAL | |
| Número de la Clasificación Decimal Universal | 016:9(44)"1789/1799" |
| 245 00 - MENCIÓN DEL TÍTULO | |
| Título | Guia bibliografica de los fondos recientes de la Biblioteca Nacional y de la Biblioteca de la Facultad de Geografia e Historia de la Universidad Complutense de Madrid, acerca de la Revolucion francesa de 1789 y sus repercusiones / |
| Mención de responsabilidad, etc. | seleccionada y comentada por Emilio de Diego... [et al.] ; coordinadoras, Ma T. Solano Sobrado, Ma M. Pastor Blazquez. |
| 260 ## - PUBLICACIÓN, DISTRIBUCIÓN, ETC. | |
| Lugar de publicación, distribución, etc. | Madrid : |
| Nombre del editor, distribuidor, etc. | Star Iberica, |
| Fecha de publicación, distribución, etc. | 1990. |
| 300 ## - DESCRIPCIÓN FÍSICA | |
| Extensión | 166 p. ; |
| Dimensiones | 19 cm. |
| 651 #4 - PUNTO DE ACCESO ADICIONAL DE MATERIA--NOMBRE GEOGRÁFICO | |
| Nombre geográfico | Francia- |
| Subdivisión general | Historia- |
| Subdivisión cronológica | 1789-1799, Revolución- |
| Subdivisión de forma | Bibliografías. |
| 9 (RLIN) | 8686 |
| 700 1# - ENTRADA AGREGADA--NOMBRE PERSONAL | |
| Nombre de persona | Diego, Emilio de. |
| 9 (RLIN) | 44540 |
| 700 1# - ENTRADA AGREGADA--NOMBRE PERSONAL | |
| Nombre de persona | Solano Sobrado, Maria T., |
| Término indicativo de función/relación | |
| 9 (RLIN) | 227909 |
| 700 1# - ENTRADA AGREGADA--NOMBRE PERSONAL | |
| Nombre de persona | Pastor Blázquez, María M. |
| 9 (RLIN) | 89498 |
| 852 ## - LOCALIZACIÓN | |
| Ubicación | ES-MaACL |
| Número de control de estantería | L-14857 |
| Sublocalización o colección | R.118831 |
| Nota libre | . - rust. |
| Estatus retirado | Estado de pérdida | Estado de daño | No para préstamo | Biblioteca de origen | Biblioteca actual | Ubicación en estantería | Fecha de adquisición | Fuente de adquisición | Total de préstamos | Signatura topográfica completa | Código de barras | Visto por última vez | Precio de reemplazo | Tipo de ítem Koha |
|---|---|---|---|---|---|---|---|---|---|---|---|---|---|---|
| Biblioteca del Ateneo de Madrid | Biblioteca del Ateneo de Madrid | Depósito 2 | 17/01/2008 | L-14857 | 1007748 | 23/02/2023 | 23/02/2023 | Libro impreso |
